عرض عادي عرض مارك
  • Springer Protocols.

مدخل إسم هيئة

عدد التسجيلات المستخدمة في: 2

001 - رقم الضبط

  • حقل الضبط: 16156

003 - معرف رقم الضبط

  • حقل الضبط: OSt

005 - تاريخ ووقت أخر عملية

  • حقل الضبط: 20120623143236.0

008 - عناصر بيانات ثابتة الطول

  • حقل تحكم ثابت الطول: 120623|||a|||||| | ||| d

040 ## - مصدر الفهرسة

  • هيئة الفهرسة الأصلية: OSt
  • وكالة الكتابة: OSt

110 ## - مدخل -- أسم شخص

  • اسم الهيئه او اسم السلطه كعنصر مدخل: Springer Protocols.

670 ## - بيانات المصدر موجوده

  • الاستشهاد بالمصدر: Work cat.: (OSt)0: Kontermann, Roland Editor edt. 16153, Antibody Engineering, 2010.